000 01500cam a2200229 i 4500
001 18806518
005 20260209052537.0
008 151005t20162016enk b 001 0 eng
010 _a 2015953848
020 _a9780198707561
082 _a327.101 DUN
245 0 0 _aInternational relations theories :
_bdiscipline and diversity /
_cedited by Tim Dunne, Milja Kurki and Steve Smith.
250 _aFourth edition.
264 1 _aOxford :
_bOxford University Press,
_c2016.
300 _axxiii, 364 p. ;
_c25 cm.
505 0 _aIntroduction : Diversity and disciplinarity in international relations theory / Steve Smith -- International relations and social science / Milja Kurki and Colin Wight -- Classical realism / Richard Ned Lebow -- Structural realism / John J. Mearsheimer -- Liberalism / Bruce Russell -- Neoliberalism / Jennifer Sterling-Folker -- The English school / Tim Dunne -- Marxism / Mark Rupert -- Critical theory / Steven C. Roach -- Constructivism / K.M. Fierke -- Feminism / J. Ann Tickner and Laura Sjoberg -- Poststructuralism / David Campbell and Roland Bleiker-- Postcolonialism / Shampa Biswas -- Normative international relations theory / Toni Erskine -- Green theory / Robyn Eckersley -- International relations theory and globalization / Colin Hay -- Still a discipline after all these debates? / Ole Waever -- Glossary.
650 0 _aInternational relations.
700 1 _aDunne, Timothy
700 1 _aKurki, Milja
700 1 _aSmith, Steve
942 _2ddc
_cBK
999 _c112023
_d112023